| 000 | 00341nam a2200133Ia 4500 | ||
|---|---|---|---|
| 008 | 240624s9999 xx 000 0 und d | ||
| 041 | _aeng | ||
| 082 | _a153.83 SIN | ||
| 100 | _aSINCLAIR MARTA | ||
| 245 | _aHANDBOOK OF INTUITION RESEARCH | ||
| 260 |
_c2011 _aUK _bEdward Elgar |
||
| 300 | _axviii, : 275 : p. : cm. ; 23 | ||
| 365 |
_cBPS _b38 |
||
| 999 |
_c28261 _d28261 |
||